000 00572cam a22002051 4500
001 sa 63000293
003 DLC
005 20260227111920.0
008 791017s1961 pk 000 0 eng
010 _asa 63000293
035 _a(OCoLC)5532475
040 _aDLC
_cIU
_dOCoLC
_dDLC
041 1 _aenginc
050 0 0 _aPK2978.E5
_bA55
100 1 _aAllana, G.
_q(Gulam),
_d1906-1985.
245 1 0 _aPresenting Pakistani poetry.
260 _aKarachi,
_bPakistan Writers' Guild,
_c1961.
300 _a206 p.
_c23 cm.
650 0 _aPakistani poetry
_xTranslations into English.
999 _c53391
_d53391